Pure Fighting Type Pokémon - Statistics

General Stats
  • This quiz has been taken 70 times
    24 since last reset
  • The average score is 30 of 31
Answer Stats
Region Number Answer % Correct
0534 Conkeldurr
100%
Alola 0739 Crabrawler
100%
0068 Gigantamax Machamp
100%
0533 Gurdurr
100%
0297 Hariyama
100%
0107 Hitmonchan
100%
0106 Hitmonlee
100%
0237 Hitmontop
100%
0891 Kubfu
100%
0068 Machamp
100%
0067 Machoke
100%
0066 Machop
100%
Hoenn 0296 Makuhita
100%
Kanto 0056 Mankey
100%
0057 Primeape
100%
Sinnoh 0447 Riolu
100%
0539 Sawk
100%
0538 Throh
100%
Unova 0532 Timburr
100%
Johto 0236 Tyrogue
100%
Galar 0852 Clobbopus
94%
0853 Grapploct
94%
0619 Mienfoo
94%
0620 Mienshao
94%
Kalos 0674 Pancham
94%
0889 Zamazenta (Hero of Many Battles)
94%
0870 Falinks
88%
0083 Farfetch'd (Galarian Form)
88%
0766 Passimian
88%
0865 Sirfetch'd
88%
0128 Tauros (Paldean Combat)
81%
No matching quizzes found
Score Distribution
Percent of People with Each Score
Percentile by Number Answered
Your Score History
You have not taken this quiz since the last reset